UM Logo

Political Psycholinguistics : (Record no. 20404)

MARC details
000 -LEADER
fixed length control field 00963nam a22002057a 4500
005 - DATE AND TIME OF LATEST TRANSACTION
control field 20260304083551.0
008 - FIXED-LENGTH DATA ELEMENTS--GENERAL INFORMATION
fixed length control field 240814b ||||| |||| 00| 0 eng d
082 ## - DEWEY DECIMAL CLASSIFICATION NUMBER
Classification number DPer 155.205 J826 April-June 2020 v. 118 n. 4-6
100 ## - MAIN ENTRY--PERSONAL NAME
Personal name Sterling, Joanna.
Relator term author.
9 (RLIN) 57590
245 ## - TITLE STATEMENT
Title Political Psycholinguistics :
Remainder of title a comprehensive analysis of the language habits of liberal and conservative social media users /
Statement of responsibility, etc. Joanna Sterling, John T. Jost, and Richard Bonneau.
260 ## - PUBLICATION, DISTRIBUTION, ETC. (IMPRINT)
Place of publication, distribution, etc. Washington ;
Name of publisher, distributor, etc. American Psychological Association ,
Date of publication, distribution, etc. April 2020.
300 ## - PHYSICAL DESCRIPTION
Extent Volume 118, pages 805-834 :
Other physical details illustration ;
Dimensions 28 cm.
500 ## - GENERAL NOTE
General note Journal of Personality and Social Psychology, vol. 118, no. 4, pages 805-834, April 2020.
650 ## - SUBJECT ADDED ENTRY--TOPICAL TERM
Topical term or geographic name as entry element Political psychology.
9 (RLIN) 60062
650 ## - SUBJECT ADDED ENTRY--TOPICAL TERM
Topical term or geographic name as entry element Individuality.
9 (RLIN) 19964
700 ## - ADDED ENTRY--PERSONAL NAME
Personal name Sterling, Joanna. and
Relator term author.
9 (RLIN) 57591
700 ## - ADDED ENTRY--PERSONAL NAME
Personal name Jost, John T.
Relator term author.
9 (RLIN) 57592
700 ## - ADDED ENTRY--PERSONAL NAME
Personal name Bonneau, Richard.
Relator term author.
9 (RLIN) 57593
942 ## - ADDED ENTRY ELEMENTS (KOHA)
Source of classification or shelving scheme Dewey Decimal Classification
Koha item type Periodicals
Holdings
Withdrawn status Lost status Source of classification or shelving scheme Damaged status Not for loan Collection code Home library Current library Date acquired Total Checkouts Full call number Date last seen Price effective from Koha item type Public note
    Dewey Decimal Classification     Periodicals UM Digos College - LIC UM Digos College - LIC 08/14/2024   DPer 155.205 J826 April-June 2020 v. 118 n. 4-6 08/14/2024 08/14/2024 Periodicals Periodical Article